Statistics for All crops in Minecraft.

Click here to take the quiz!

General Stats

  • This quiz has been taken 2 times
  • The average score is 5 of 8

Answer Stats

Answer% Correct
Carrot
100%
Potato
100%
Wheat
100%
Beetroot
50%
Melon
50%
Nether Wart
50%
Pumpkin
50%
Chorus Plant.
0%

Score Distribution

Percentile by Number Answered

Percent of People with Each Score

Your Score History

You have not taken this quiz